[Event "Almaty Open 2019"]
[Site "Almaty"]
[Date "2019.10.08"]
[Round "3.9"]
[White "Khusenkhojaev, Muhammad"]
[Black "Kairbekova, Amina"]
[Result "1-0"]
[WhiteElo "2434"]
[BlackElo "2096"]
[Annotator "TA"]
[PlyCount "57"]
[EventDate "2019.10.07"]
[EventType "swiss"]
[EventCountry "KAZ"]
[SourceTitle "playchess.com"]
[Source "ChessBase"]
[SourceQuality "1"]

{[%evp 18,57,0,0,0,0,0,0,0,0,71,82,67,55,93,89,87,78,152,62,87,0,129,102,165,95,132,0,182,0,135,0,175,175,156,173,232,233,800,817,1863,395]} 1. Nf3 Nf6 2. c4 e6 3. g3 d5 4. d4 Be7 5. Bg2 O-O 6. O-O c6 7. Nc3 Nbd7 8. b3 b6 9. Qc2 Ba6 10. Rd1 Rc8 {E08: Closed Catalan: Main Line: 7 Qc2} 11. e4 dxc4 12. Bf4 Nh5 {The position is equal.} (12... Bb4 13. Nd2 Qe7 14. Nxc4 Bxc4 15. bxc4 e5 16. dxe5 Nxe5 17. Ne2 Bc5 18. Nd4 Rfd8 19. Nb3 h6 20. Nxc5 Qxc5 21. Rac1 Rxd1+ 22. Qxd1 Re8 23. h3 Qa3 24. Rc2 Qd3 25. Rd2 Qxc4 {½-½ (26) Van Wely,L (2604)-Bok,B (2638) Maastricht 2019}) 13. Be3 Qc7 (13... Nhf6 $11) 14. e5 $16 g6 15. Ne4 $146 ({Predecessor:} 15. Bh6 Rfe8 16. Ne4 cxb3 17. axb3 Bb5 18. g4 Ng7 19. Qd2 {½-½ (20) Vogel,J (2202)-Noordkamp,W (2066) Dieren 2013}) 15... cxb3 16. axb3 Bb5 17. Bg5 {[%mdl 1024] White has strong compensation.} Bb4 (17... f6 $142) 18. Bd2 (18. g4 $16 Ng7 19. Qc1) 18... Be7 $1 $14 19. Bg5 Bb4 $1 20. h4 a6 (20... a5 $16) 21. Bh6 ({White should try} 21. g4 $1 $18 {[%cal Rg4h5]} Ng7 22. Bh6) 21... Rfd8 22. Bg5 Rf8 $1 23. Bh6 Rfd8 24. Bg5 Rf8 $1 25. g4 $1 $36 {[%cal Rg4h5][%mdl 2048] White is in control.} Ng7 {[#]} 26. h5 $1 {[%mdl 512]} Kh8 (26... c5 $142 27. Bh6 Rfd8) (26... gxh5 27. Nf6+) 27. Qc1 $18 {Bf6 is the strong threat.} Be2 $2 {[#]} (27... Ne8 28. hxg6 fxg6) 28. Bf6 $1 {[%mdl 512] Threatening mate with Qh6!} Bxf3 {[#]} 29. h6 $2 {Accuracy: White = 54%, Black = 44%.} (29. Qh6 $1 {[%csl Gf6][%cal Rh6g7][%mdl 512]} Rg8 30. Bxf3) 1-0

[Event "Almaty Open 2019"]
[Site "Almaty"]
[Date "2019.10.08"]
[Round "3.10"]
[White "Bekturov, Tamerlan"]
[Black "Dzhumaev, Marat"]
[Result "1/2-1/2"]
[WhiteElo "2226"]
[BlackElo "2428"]
[Annotator "TA"]
[PlyCount "58"]
[EventDate "2019.10.07"]
[EventType "swiss"]
[EventCountry "KAZ"]
[SourceTitle "playchess.com"]
[Source "ChessBase"]
[SourceQuality "1"]

{[%evp 9,58,23,31,22,29,24,37,35,52,40,88,73,79,66,97,82,80,47,77,68,99,88,103,71,71,20,35,47,47,7,19,-100,-100,-222,-207,-225,-136,-134,-129,-236,-223,-254,-222,-234,0,-34,0,-207,0,-37,0]} 1. d4 f5 2. c4 Nf6 3. Nc3 d6 4. Nf3 g6 5. e3 Bg7 6. b4 {A85: Dutch Defence: 2 c4 Nf6 3 Nc3} O-O 7. Bb2 c6 8. Qb3 {White is slightly better.} Kh8 9. Be2 Na6 10. O-O Nc7 11. Rfd1 $146 ({Predecessor:} 11. a4 a6 12. d5 Bd7 13. b5 axb5 14. axb5 Rxa1 15. Rxa1 cxb5 16. cxb5 {1-0 (41) Sjugirov,S (2653)-Bajarani,U (2509) Baku 2016}) 11... Qe8 12. d5 Bd7 13. Nd4 g5 14. a4 f4 15. exf4 gxf4 16. Bf3 Ng4 17. c5 (17. Nce2 $16) 17... Ne5 18. cxd6 exd6 19. Be4 Qh5 20. f3 (20. dxc6 $11 bxc6 21. b5) 20... Rf6 $1 $17 {[%cal Rf6h6] Hoping for ...Rh6.} 21. Nde2 (21. dxc6 $17 {keeps fighting.} bxc6 22. Bc1) 21... Rh6 $19 22. h3 Rf8 $1 {...Bxh3! is the strong threat.} 23. Bc1 Qh4 24. Ra2 (24. Nxf4 $17 {might work better.} Rxf4 25. Bxf4 Qxf4 26. Ne2) 24... Bxh3 $1 25. gxh3 Qxh3 26. Kf2 {[#]} Qh4+ $2 (26... Rg6 $1 $19 {[%mdl 512]} 27. Bxg6 Qxf3+ 28. Ke1 Nxg6) 27. Kf1 $15 {Strongly threatening Ng1.} Qh3+ $2 (27... Bf6 $15 28. Bxf4 Bg7) 28. Kf2 $19 {[#]} Qh4+ $2 ({Black should try} 28... Rg6 $1 $19 {[%mdl 512] ( -> ...Qh4+)} 29. Bxg6 Qxf3+ 30. Ke1 Nxg6) 29. Kf1 $15 {And now Ng1 would win.} Qh3+ {Accuracy: White = 33%, Black = 43%.} (29... Bf6 $5 {[%cal Rh4h1]} 30. Bxf4 Rg6 $11) 1/2-1/2

[Event "Almaty Open 2019"]
[Site "Almaty"]
[Date "2019.10.08"]
[Round "3.11"]
[White "Urazayev, Arystanbek"]
[Black "Malygin, Vladislav"]
[Result "1-0"]
[WhiteElo "2420"]
[BlackElo "1941"]
[Annotator "TA"]
[PlyCount "53"]
[EventDate "2019.10.07"]
[EventType "swiss"]
[EventCountry "KAZ"]
[SourceTitle "playchess.com"]
[Source "ChessBase"]
[SourceQuality "1"]

{[%evp 25,53,16,8,-8,0,12,55,46,51,52,77,73,85,86,206,204,198,173,256,244,196,197,439,424,437,446,1099,1080,29989,29990]} 1. e4 e5 2. Nf3 Nc6 3. Bb5 a6 4. Ba4 Nf6 5. O-O b5 {[%cal Bb7b5,Bb5b4][%mdl 32]} 6. Bb3 Be7 7. Re1 O-O 8. a4 Bb7 9. d3 d6 10. Nc3 {[%cal Bb1c3,Bc3e2,Be2g3,Bg3f5][%mdl 32]} b4 11. Ne2 Na5 12. Ba2 c5 13. Ng3 Bc8 14. c3 {C88: Closed Ruy Lopez: Anti-Marshall Systems} bxc3 15. bxc3 Be6 16. d4 {White is slightly better.} Bxa2 17. Rxa2 {[%cal Ba1a2,Ba2d2,Bd2d7][%mdl 32]} Qc7 $146 ({Predecessor:} 17... cxd4 18. cxd4 exd4 19. Nxd4 g6 20. Rc2 Qd7 21. Bd2 Bd8 {½-½ (38) Vovk,Y (2626)-Getz,N (2410) Fagernes 2015}) 18. Nf5 Rfb8 19. Bg5 Rb3 (19... Bd8 $16) 20. dxe5 dxe5 21. Rd2 h6 (21... Rb7 {was necessary.} 22. Nxe7+ Qxe7) 22. Bxf6 $18 Bxf6 23. Rd7 Qb6 $2 (23... Qb8 24. Qd5 {[%mdl 64] Double Attack} Qe8 25. Rxf7 {[%mdl 64] Deflection} Qxf7 26. Qxa8+ {[%mdl 64] Double Attack} Kh7 27. Qxa6 Nc4) 24. Qd5 $1 {[%csl LRa8,LRe5,LRf7]} Rf8 25. Rd6 Qa7 {[#]} (25... Qb7 $142 26. Qxc5 Rb1 27. Qxa5 Rxe1+ 28. Nxe1 Qxe4) 26. Rxf6 $1 {[%mdl 512]} gxf6 27. Qd2 {Accuracy: White = 88%, Black = 10%.} 1-0

[Event "Almaty Open 2019"]
[Site "Almaty"]
[Date "2019.10.08"]
[Round "3.12"]
[White "Kenzhalin, Nursultan"]
[Black "Tologontegin, Semetey"]
[Result "1-0"]
[WhiteElo "2185"]
[BlackElo "2384"]
[Annotator "TA"]
[PlyCount "69"]
[EventDate "2019.10.07"]
[EventType "swiss"]
[EventCountry "KAZ"]
[SourceTitle "playchess.com"]
[Source "ChessBase"]
[SourceQuality "1"]

{[%evp 9,121,30,31,30,42,40,41,27,52,47,53,33,49,12,31,28,35,0,34,17,19,33,46,18,24,21,71,40,43,11,17,19,44,14,31,0,0,0,6,-13,-14,-34,0,0,0,0,0,0,0,0,0,0,99,97,120,115,189,195,300,307,266,259,258,250,248,248,243,246,239,239,239,239,233,223,222,208,1050,1051,1202,1184,1091,1083,1548,1288,834,792,635,618,945,904,1302,1253,4133,3540,5124,5123,5106,5124,5106,5106,5145,5114,5113,5106,5073,5065,29980,29981,29985,29986,29986,29986,29997,29998]} 1. d4 g6 2. Nf3 Bg7 3. g3 d6 4. Bg2 Bd7 5. c3 Qc8 6. O-O $146 {A41: 1 d4 d6: Tartakower System and Modern Defence} ({Predecessor:} 6. Qb3 Nc6 7. Ng5 Nd8 8. e4 e5 9. Be3 Nh6 10. h3 f6 11. Nf3 Nhf7 12. Nbd2 {0-1 (48) Schulz,K (2384)-Nakamura,H (2710) Mainz 2009}) 6... e5 7. e4 Nc6 8. Na3 {White is slightly better.} Bg4 9. Nc2 Nf6 10. Re1 O-O 11. Qd3 Re8 12. d5 Ne7 13. Nd2 Bh6 14. Nc4 (14. Qf1 {is more complex.} Bd7 15. b3 Nh5 16. c4 f5 17. exf5 gxf5 18. Qe2) 14... Bxc1 15. Raxc1 Nh5 16. Qd2 Bh3 17. Bf3 Ng7 18. Bh1 f5 19. f4 exf4 20. Qxf4 fxe4 $1 21. Bxe4 Qd7 22. Nd4 Nef5 23. Bxf5 Nxf5 24. Nxf5 Bxf5 25. Qd4 b6 26. Nd2 Re7 27. g4 $36 {[%mdl 2048] White is pushing.} Bxg4 {Hoping for ...Be2.} 28. Ne4 {Nf6+ is the strong threat.} Rf8 $1 {aiming for ...Qf5.} 29. Nf6+ Rxf6 $1 30. Qxf6 Rf7 (30... Be2 $1 $11 31. Qh4 Qf5) 31. Qd4 $16 h5 32. Re3 Kh7 {[#]} (32... Qd8 $16) 33. Rce1 $1 $18 {Threatens to win with Re8.} Bf3 (33... Bh3 {is a better defense.}) 34. Re8 {[%csl Gd4][%cal Re8h8]} Rg7 35. R1e7 {Played: Qd4xg7} 1-0

[Event "Almaty Open 2019"]
[Site "Almaty"]
[Date "2019.10.08"]
[Round "3.13"]
[White "Balabayeva, Xeniya"]
[Black "Rakhimzhan, Alen"]
[Result "1/2-1/2"]
[WhiteElo "1986"]
[BlackElo "2303"]
[Annotator "TA"]
[PlyCount "108"]
[EventDate "2019.10.07"]
[EventType "swiss"]
[EventCountry "KAZ"]
[SourceTitle "playchess.com"]
[Source "ChessBase"]
[SourceQuality "1"]

{[%evp 11,108,0,0,0,0,0,0,0,2,7,33,10,50,23,60,44,72,31,59,36,56,56,66,57,62,52,53,53,67,12,22,12,18,0,0,0,0,0,0,0,0,0,0,0,0,0,0,0,0,0,0,0,0,-47,29,29,29,29,29,29,36,37,47,34,37,14,43,45,52,0,28,-166,0,0,7,0,0,0,0,0,0,0,0,-55,57,35,165,0,0,0,0,0,0,0,0,0,0,0,0]} 1. e4 e5 2. Nf3 Nc6 3. Bc4 Bc5 4. c3 Nf6 5. d4 exd4 6. e5 d5 7. Be2 {C54: Giuoco Piano: 4 c3 Nf6, main lines with 5 d4 and 5 d3} (7. Bb5 Ne4 8. cxd4 Bb6 9. Nc3 O-O 10. Be3 Bg4 11. h3 Bh5 12. Qc2 Nxc3 13. bxc3 f6 14. exf6 Qxf6 15. Be2 Na5 16. O-O Bxf3 17. Bxf3 c6 {½-½ (39) Dominguez Perez,L (2763)-Grischuk,A (2759) Khanty-Mansiysk 2019}) 7... Ne4 8. cxd4 Bb6 9. O-O O-O 10. Nc3 Ne7 11. Bd3 Bf5 $146 ({Predecessor:} 11... f5 12. exf6 Nxf6 13. Na4 Bg4 14. Nxb6 axb6 {½-½ (48) Gaponenko,I (2397)-Tarasova,V (2298) Loo 2013}) 12. Re1 {[%cal Rc3e4]} Nxc3 13. bxc3 c5 14. Bg5 Be6 15. Qc1 Qd7 16. a4 {[%cal Ba2a4,Ba4a5][%mdl 32]} cxd4 17. Bb5 Nc6 {[#]} 18. a5 $1 {[%mdl 512]} Bd8 (18... Bxa5 19. Rxa5) 19. Bxd8 Rfxd8 20. cxd4 (20. Nxd4 $14 Qc7 21. a6) 20... Rac8 $11 21. a6 bxa6 22. Bxa6 Nxd4 23. Bxc8 Rxc8 24. Nxd4 Rxc1 25. Rexc1 h6 26. Nc6 Qb7 27. Rxa7 Qb2 {[%cal Rb2c1]} 28. Raa1 $1 Kh7 29. Rab1 Qd2 30. Rd1 Qg5 {Threatens to win with ...Bh3.} 31. Kh1 Bd7 32. Nb4 Qxe5 (32... Ba4 $15 33. Rxd5 Qf5) 33. Nxd5 Ba4 34. Rd2 $1 Bc6 35. Ne3 f5 {aiming for ...f4.} 36. Rc1 Qe6 37. Rc4 h5 38. Rcd4 Qe5 39. Rd1 f4 40. Nc4 (40. Nd5 $14) 40... Qe2 41. Na5 $2 {[#]} (41. Kg1 $1 $11 {and White is okay.}) 41... Ba4 $2 (41... Ba8 $1 $19 {[%mdl 512]} 42. R4d2 Qe4 $1 {[%mdl 512]}) 42. Rg1 Bb5 43. f3 Qa2 44. Nb7 Qa7 {[%mdl 64] Double Attack} 45. Rb4 $1 {[%cal Rb4b5]} Bc6 ({Don't play} 45... Qxb7 $6 46. Rgb1 $16) 46. Nd8 Bd5 47. Rxf4 ({White should play} 47. Rf1 $11) 47... Qe3 ({Don't go for} 47... Qe7 $2 48. Rf5 $18) ({Black should try} 47... g5 $1 $15 48. Rf5 {[%mdl 64] Double Attack} Qd7 {[%mdl 64] Double Attack}) 48. Rf5 $1 $14 {[%csl LRd5,LRh5][%mdl 64] Double Attack} Ba8 {[#]} (48... Qd4 $1 $14) 49. Rxh5+ $2 (49. Nf7 $1 $18) 49... Kg8 $1 $11 {The position is equal.} 50. Rh3 Qd4 51. Ne6 Qe5 52. Nxg7 ({But not} 52. Nd8 Qd5 $17) 52... Kxg7 53. Rg3+ Kf7 54. Rg4 Bd5 {Accuracy: White = 57%, Black = 51%.} 1/2-1/2

[Event "Almaty Open 2019"]
[Site "Almaty"]
[Date "2019.10.08"]
[Round "3.14"]
[White "Igen, Amir"]
[Black "Sisabayev, Kuanysh"]
[Result "0-1"]
[WhiteElo "1934"]
[BlackElo "2289"]
[Annotator "RC"]
[PlyCount "148"]
[EventDate "2019.10.07"]
[EventType "swiss"]
[EventCountry "KAZ"]
[SourceTitle "playchess.com"]
[Source "ChessBase"]
[SourceQuality "1"]
[TimeControl "5400+30"]

1. d4 {[%emt 0:00:00]} Nf6 {[%emt 0:00:00]} 2. c4 {[%emt 0:00:00]} e6 {[%emt 0:00:00]} 3. Nf3 {[%emt 0:00:00]} b6 {[%emt 0:00:16]} 4. Bf4 {[%emt 0:00:00]} Bb7 {[%emt 0:00:21]} 5. e3 {[%emt 0:00:05]} Be7 {[%emt 0:02:17]} 6. Bd3 {[%emt 0:00:20]} Nh5 {[%emt 0:00:51]} 7. Bg3 {[%emt 0:00:26]} f5 {[%emt 0:01:11]} 8. Nc3 {[%emt 0:01:04]} O-O {[%emt 0:00:27]} 9. Qc2 {[%emt 0:00:27]} g6 {[%emt 0:05:23]} 10. O-O-O {[%emt 0:01:59]} d6 {[%emt 0:00:49]} 11. Rhg1 {[%emt 0:03:19]} Nd7 {[%emt 0:04:32]} 12. Nd2 {[%emt 0:00:15]} c5 {[%emt 0:03:40]} 13. f3 {[%emt 0:01:31]} Nxg3 {[%emt 0:01:53]} 14. hxg3 {[%emt 0:00:07]} cxd4 {[%emt 0:02:27]} 15. exd4 {[%emt 0:00:07]} Bf6 {[%emt 0:00:19]} 16. Ne2 {[%emt 0:01:42]} e5 {[%emt 0:02:54]} 17. dxe5 {[%emt 0:03:49]} Nxe5 {[%emt 0:03:00]} 18. Nf4 {[%emt 0:00:13]} Qd7 {[%emt 0:00:19]} 19. Kb1 {[%emt 0:01:59]} Rac8 {[%emt 0:00:48]} 20. Qb3 {[%emt 0:01:00]} Qf7 {[%emt 0:00:13]} 21. Be2 {[%emt 0:05:33]} Nc6 {[%emt 0:08:47]} 22. Nd5 {[%emt 0:00:49]} Bg7 {[%emt 0:00:22]} 23. Bd3 {[%emt 0:03:40]} Na5 {[%emt 0:03:58]} 24. Qa3 {[%emt 0:03:15]} Bxd5 {[%emt 0:02:00]} 25. cxd5 {[%emt 0:00:13]} Qxd5 {[%emt 0:00:35]} 26. Ba6 {[%emt 0:01:13]} Rc7 {[%emt 0:03:20]} 27. Ne4 {[%emt 0:01:20]} Qe5 {[%emt 0:01:13]} 28. Nxd6 {[%emt 0:00:10]} Qxg3 {[%emt 0:02:45]} 29. Nb5 {[%emt 0:05:28]} Rcf7 {[%emt 0:08:25]} 30. Nd6 {[%emt 0:06:10]} Rd7 {[%emt 0:00:33]} 31. Qb4 {[%emt 0:01:21]} h5 {[%emt 0:03:37]} 32. Bb5 {[%emt 0:03:32]} Rdd8 {[%emt 0:04:01]} 33. Qe1 {[%emt 0:04:24]} Qh2 {[%emt 0:07:40]} 34. Qe6+ {[%emt 0:02:59]} Kh7 {[%emt 0:01:12]} 35. Qe7 {[%emt 0:00:44]} Qe5 {[%emt 0:10:03]} 36. Qxe5 {[%emt 0:00:40]} Bxe5 {[%emt 0:00:08]} 37. Nc4 {[%emt 0:00:04]} Nxc4 {[%emt 0:00:59]} 38. Bxc4 {[%emt 0:00:07]} Bg3 {[%emt 0:00:33]} 39. Rxd8 {[%emt 0:03:04]} Rxd8 {[%emt 0:02:18]} 40. Kc2 {[%emt 0:00:06]} Kh6 {[%emt 0:01:27]} 41. Rd1 {[%emt 0:00:22]} Rc8 {[%emt 0:00:12]} 42. Kd3 {[%emt 0:00:04]} Kg5 {[%emt 0:00:21]} 43. b3 {[%emt 0:00:20]} Re8 {[%emt 0:00:57]} 44. Rd2 {[%emt 0:00:45]} Kf4 {[%emt 0:01:33]} 45. Bf7 {[%emt 0:00:37]} Re3+ {[%emt 0:01:48]} 46. Kd4 {[%emt 0:00:05]} Be1 {[%emt 0:01:02]} 47. Rc2 {[%emt 0:00:03]} h4 {[%emt 0:04:37]} 48. Bxg6 {[%emt 0:00:26]} Re6 {[%emt 0:00:21]} 49. Bh7 {[%emt 0:02:56]} Rd6+ {[%emt 0:00:19]} 50. Kc4 {[%emt 0:00:05]} Bd2 {[%emt 0:00:45]} 51. Kb5 {[%emt 0:03:43]} Kg3 {[%emt 0:03:58]} 52. Bxf5 {[%emt 0:00:52]} Kxg2 {[%emt 0:00:31]} 53. Ka6 {[%emt 0:00:50]} Kxf3 {[%emt 0:01:08]} 54. Kxa7 {[%emt 0:00:13]} Be3 {[%emt 0:00:53]} 55. Ka6 {[%emt 0:02:17]} Kg3 {[%emt 0:01:33]} 56. a4 {[%emt 0:03:42]} b5+ {[%emt 0:01:49]} 57. Kb7 {[%emt 0:00:06]} Rf6 {[%emt 0:00:32]} 58. Rc3 {[%emt 0:04:11]} Rxf5 {[%emt 0:00:21]} 59. Rxe3+ {[%emt 0:00:05]} Rf3 {[%emt 0:00:41]} 60. Re5 {[%emt 0:00:47]} b4 {[%emt 0:00:30]} 61. a5 {[%emt 0:03:21]} Rxb3 {[%emt 0:00:12]} 62. a6 {[%emt 0:00:02]} h3 {[%emt 0:00:45]} 63. a7 {[%emt 0:00:59]} h2 {[%emt 0:00:31]} 64. a8=Q {[%emt 0:00:29]} h1=Q+ {[%emt 0:00:09]} 65. Kb8 {[%emt 0:00:04]} Qh8+ {[%emt 0:00:15]} 66. Kb7 {[%emt 0:00:04]} Qxa8+ {[%emt 0:00:43]} 67. Kxa8 {[%emt 0:00:05]} Kf4 {[%emt 0:00:07]} 68. Re1 {[%emt 0:00:05]} Re3 {[%emt 0:00:10]} 69. Rb1 {[%emt 0:00:04]} b3 {[%emt 0:00:07]} 70. Kb7 {[%emt 0:00:14]} Ke4 {[%emt 0:00:09]} 71. Kb6 {[%emt 0:00:30]} Kd4 {[%emt 0:00:16]} 72. Kb5 {[%emt 0:01:11]} Kc3 {[%emt 0:00:12]} 73. Ka4 {[%emt 0:01:28]} b2 {[%emt 0:00:28]} 74. Ka3 {[%emt 0:00:07]} Kc2+ {[%emt 0:00:06] Rh1} 0-1

[Event "Almaty Open 2019"]
[Site "Almaty"]
[Date "2019.10.08"]
[Round "3.15"]
[White "Bizhigitov, Zhangir"]
[Black "Stupak, Kirill"]
[Result "0-1"]
[WhiteElo "2018"]
[BlackElo "2551"]
[Annotator "TA"]
[PlyCount "54"]
[EventDate "2019.10.07"]
[EventType "swiss"]
[EventCountry "KAZ"]
[SourceTitle "playchess.com"]
[Source "ChessBase"]
[SourceQuality "1"]

{[%evp 15,65,1,2,4,4,-27,-4,-35,0,7,0,-24,-11,-50,-44,-42,-17,-33,-26,-28,-12,-41,0,-91,-61,-61,-52,-50,-22,-92,-89,-126,-38,-56,-12,-366,-395,-413,-413,-415,-387,-364,-373,-363,-358,-503,-431,-396,-335,-577,-605,-531]} 1. e4 c6 2. d3 g6 3. g3 Bg7 4. Bg2 d5 5. Nd2 e5 6. Ngf3 Ne7 7. O-O O-O 8. Re1 d4 9. Nc4 {B10: Caro-Kann: 2 d3 and 2 c4} b5 10. Ncd2 Nd7 {[%cal Bb8d7,Bd7b6,Bb6a4][%mdl 32]} 11. a4 {The position is equal.} Nb6 12. axb5 $146 ({Predecessor:} 12. a5 Nd7 13. b4 c5 14. bxc5 Nxc5 15. Nb3 Na4 16. Bd2 Nc6 {0-1 (31) Niedermayr,H (2220)-Khenkin,I (2565) Arco 1998}) 12... cxb5 13. Nb3 Na4 14. Rb1 Nc6 15. Bd2 h6 16. c3 Be6 17. cxd4 exd4 18. Rc1 Qb6 19. Qc2 (19. e5 $11) 19... Rfc8 {[#] aiming for ...Ne5.} 20. Nc5 $1 {[%cal Rc5e6]} Nxc5 21. Qxc5 Qb7 22. Qd6 (22. e5 $11 Bf8 23. Qc2) 22... a5 $17 23. h4 Qd7 (23... a4 $17 24. Qf4 b4) 24. Qf4 $15 f6 {White should prevent ...Ne5.} 25. Nh2 $2 {[%mdl 8192]} (25. e5 $11 {and White stays safe.} fxe5 26. Nxe5 Nxe5 27. Rxc8+ Rxc8 28. Rxe5) 25... Ne5 $19 {Hoping for ...g5.} 26. Rxc8+ Rxc8 ({Much less strong is} 26... Qxc8 27. Bxa5 Rxa5 28. Qd2 $19) 27. Bxa5 Rc2 {Played: Ne5xd3} 0-1

[Event "Almaty Open 2019"]
[Site "Almaty"]
[Date "2019.10.08"]
[Round "3.16"]
[White "Baimurzin, Aitkazy"]
[Black "Zhukenov, Aituar"]
[Result "0-1"]
[WhiteElo "2036"]
[BlackElo "2196"]
[Annotator "TA"]
[PlyCount "70"]
[EventDate "2019.10.07"]
[EventType "swiss"]
[EventCountry "KAZ"]
[SourceTitle "playchess.com"]
[Source "ChessBase"]
[SourceQuality "1"]

{[%evp 12,70,16,-4,0,-37,-30,-65,-26,-14,-15,-27,-23,-22,-32,-12,-34,-72,-64,-83,-38,-69,-69,-106,-111,-104,-114,-131,-79,-113,-62,-71,-54,-47,-42,-77,-86,-230,-101,-116,-14,-259,-100,-172,-157,-347,-345,-610,-605,-690,-737,-690,-718,-1375,-1374,-2496,-2420,-5465,-4013,-29987,-6667]} 1. c4 c5 2. Nc3 Nc6 3. Nf3 g6 4. g3 Bg7 5. Bg2 e5 6. a3 Nge7 7. b4 d5 {A37: Symmetrical English vs ...g6: 4 Bg2 Bg7 5 Nf3} 8. bxc5 (8. cxd5 Nxd5 9. Ng5 Nc7 10. d3 cxb4 11. axb4 e4 12. Ngxe4 f5 13. Bg5 Bxc3+ 14. Kf1 Qd4 15. Nxc3 Qxc3 {½-½ (58) Gelfand,B (2733)-Grischuk,A (2747) Kazan 2011}) 8... dxc4 9. O-O O-O {Black is slightly better.} (9... e4 $5 {[%cal Re4f3]} 10. Ng5 f5 $15) 10. Rb1 Rb8 11. Qa4 Bf5 $146 ({Predecessor:} 11... Na5 12. Ne4 Bf5 13. Ne1 Bd7 14. Qc2 b5 15. d3 {½-½ (22) Nemec,V (2175)-Kozak,A (2347) Zalakaros 2016}) 12. e4 Be6 13. Ng5 Qd3 14. Rd1 Bg4 $36 {[%mdl 2048] Black is more active.} 15. Re1 $1 h6 16. Re3 Qd4 17. Nf3 Qxc5 18. Rb5 Qd6 19. Qxc4 Rbc8 (19... Rfc8 $142 {Strongly threatening ...Nd4.} 20. Qd3 Qxd3 21. Rxd3 Nd4) 20. Qa2 b6 ({Black should play} 20... Be6 $17 21. Qb1 b6) 21. a4 $1 $15 Be6 22. Ba3 Qd7 23. Nd5 Rfe8 24. Rc3 (24. Nxe7+ $17 Nxe7 25. Qb1) 24... Kh8 (24... a6 $19 25. Rxb6 Nxd5 26. exd5 Bxd5) 25. Bf1 f5 (25... a6 $17 26. Rxb6 Nxd5 27. exd5 Bxd5) 26. d3 $2 (26. Bc4 $11 {and White is okay.} Bxd5 27. Bxd5 (27. exd5 Na5 $11) 27... Nxd5 28. Rxd5) 26... Bg8 $2 (26... a6 $19 27. Qb2 Nxd5 28. exd5 Bxd5 29. Rxd5 Qxd5) 27. Nh4 (27. Rc1 $17) 27... Kh7 $19 28. Bh3 $2 (28. Bxe7 $17 Nxe7 29. Rxc8 Rxc8 30. h3) 28... Nxd5 29. exd5 $2 (29. Rxd5 Bxd5 30. Qxd5 Qxd5 31. exd5) 29... Nd4 $1 {[%csl LRb5,LRc3][%mdl 64] Discovered Attack} 30. Rc4 Nxb5 31. axb5 Bxd5 32. Qb3 e4 33. Qa4 Bxc4 34. dxc4 e3 {( -> ...exf2+)} 35. fxe3 {[#]} Rxe3 {Accuracy: White = 23%, Black = 36%.} (35... Qd3 $142 $1 36. Qb4 Qxe3+ 37. Kh1 {[#]} Qf2 $1 {[%mdl 512]} 38. Qb1 Re1+ 39. Qxe1 Qxe1+ 40. Kg2 Rxc4 41. Nxf5 Rc2+ 42. Kf3 Rf2+ 43. Kg4 Qe4#) 0-1

[Event "Almaty Open 2019"]
[Site "Almaty"]
[Date "2019.10.08"]
[Round "3.17"]
[White "Zhakshylykov, Erzhan"]
[Black "Kembayev, Bakhytzhan"]
[Result "1/2-1/2"]
[WhiteElo "1999"]
[BlackElo "2119"]
[Annotator "TA"]
[PlyCount "96"]
[EventDate "2019.10.07"]
[EventType "swiss"]
[EventCountry "KAZ"]
[SourceTitle "playchess.com"]
[Source "ChessBase"]
[SourceQuality "1"]

{[%evp 13,96,40,33,4,1,-18,-10,-18,-15,-48,-40,-50,-53,-68,-64,-75,-68,-78,-60,-65,-12,-20,0,-17,0,0,0,-24,-25,-12,-16,-14,-6,-8,-10,-18,-18,-25,-18,-16,-19,-17,-17,-20,-14,-21,-19,-19,-18,-16,-14,-23,-5,-8,0,-4,33,0,8,0,0,0,0,0,0,0,0,0,0,0,0,0,8,8,8,8,8,8,8,0,8,0,8,0,8]} 1. e4 d6 2. d4 Nf6 3. Nc3 e5 4. dxe5 dxe5 5. Qxd8+ Kxd8 6. Bg5 Be6 7. O-O-O+ Kc8 8. f3 {B07: Pirc Defence: Miscellaneous Systems} (8. f4 exf4 9. Nf3 Nbd7 10. Bxf4 Bc5 11. h3 Nh5 12. Bh2 Be3+ 13. Kb1 Bf4 14. Bxf4 Nxf4 15. Nd4 c6 16. g3 Ng6 17. Nxe6 fxe6 {0-1 (53) Kravtsiv,M (2672)-Khismatullin,D (2632) Riadh 2017}) 8... Nbd7 9. Be3 c6 10. Nge2 b5 $146 ({Predecessor:} 10... Bc5 11. Bxc5 Nxc5 12. b4 Ncd7 13. Kb2 Nb6 14. Nc1 Nc4+ 15. Bxc4 Bxc4 16. Nd3 Bxd3 {½-½ (16) Reynolds,D (2103)-Curtis,J (2121) West Bromwich 2004}) 11. Ng3 Bc5 12. Bxc5 Nxc5 13. Kb1 a5 14. Rd2 Kc7 15. Be2 Rhb8 16. h4 b4 (16... Rg8 $15) 17. Nd1 $11 a4 18. Ne3 Nfd7 19. h5 Nb6 20. Rc1 Rd8 21. Rxd8 Rxd8 22. Rd1 Rxd1+ 23. Nxd1 Kd6 24. Ne3 g6 25. b3 Ke7 26. hxg6 hxg6 27. Kc1 Kf6 28. Bd1 Kg5 29. Ne2 $1 f5 30. exf5 gxf5 31. g3 Kf6 32. Kd2 Bd5 33. Nc1 axb3 34. axb3 e4 35. f4 Ne6 {The position is equal.} 36. c4 bxc3+ $1 37. Kxc3 c5 38. b4 cxb4+ 39. Kxb4 {[#] And now Kb5 would win.} Bb7 40. Bb3 Nd4 41. Kc5 Nxb3+ 42. Nxb3 {[%mdl 4096] Endgame KBN-KNN} Na4+ 43. Kd6 Nc3 44. Nd4 Bc8 45. Kc5 Be6 46. Kd6 Bc8 47. Kc5 Be6 48. Kd6 Bc8 {Accuracy: White = 51%, Black = 58%.} 1/2-1/2